000 00735nam a2200253Ia 4500
005 20260429111855.0
008 260429s9999||||xx |||||||||||||| ||und||
020 _a9781849735933
041 _aEnglish
082 _a620.5
_bRED
100 _aReddy, Subrayal
245 0 _aAdvanced synthetic materials in detection science /
_cSubrayal Reddy
260 _aCambridge :
_bRoyal Society of Chemistry,
_c2014.
300 _axii, 246 p.; hb
440 _aRSC Detection Science
650 _a Analytical chemistry
650 _a Chemical sensors
650 _a Detection science
650 _a Materials science
650 _a Sensor materials
650 _a Smart materials
650 _aSynthetic materials
942 _cTB
999 _c51226
_d51226